Modelovanie rozmiestňovania recyklačných centier
Saved in:
| Main Author: | |
|---|---|
| Corporate Author: | |
| Other Authors: | , , , , |
| Format: | Book |
| Language: | Slovak |
| Published: |
Bratislava
Vydavateľstvo EKONÓM
2012
|
| Edition: | 1. vyd. |
| Subjects: | |
| Tags: |
No Tags, Be the first to tag this record!
|
MARC
| LEADER | 00000nam a2200000 4500 | ||
|---|---|---|---|
| 001 | 0148821 | ||
| 005 | 20240502072658.0 | ||
| 020 | |a 978-80-225-3349-2 | ||
| 041 | 0 | |a slo | |
| 044 | |a SK | ||
| 245 | 1 | 0 | |a Modelovanie rozmiestňovania recyklačných centier |c Juraj Pekár ... [et al.] |
| 250 | |a 1. vyd. | ||
| 264 | 1 | |a Bratislava |b Vydavateľstvo EKONÓM |c 2012 | |
| 300 | |a 226 s. [14,026 AH] | ||
| 610 | 2 | 0 | |a recyklácia odpadu |
| 610 | 2 | 0 | |a hospodárstvo odpadové |
| 610 | 2 | 0 | |a odpad |
| 610 | 2 | 0 | |a zber surovín |
| 610 | 2 | 0 | |a logistika reverzná |
| 610 | 2 | 0 | |a modelovanie |
| 610 | 2 | 0 | |a preprava |
| 610 | 2 | 0 | |a lokalizácia |
| 610 | 2 | 0 | |a doprava |
| 610 | 2 | 0 | |a modely stochastické |
| 610 | 2 | 0 | |a optimalizácia |
| 610 | 2 | 0 | |a štúdie pracovné |
| 100 | 1 | |a Pekár, Juraj, 1972- | |
| 700 | 1 | |a Brezina, Ivan, 1963- | |
| 700 | 1 | |a Čičková, Zuzana, 1978- | |
| 700 | 1 | |a Reiff, Marian, 1978- | |
| 700 | 1 | |a Dupaľ, Andrej | |
| 700 | 1 | |a Goga, Marián | |
| 710 | 2 | |a Ekonomická univerzita v Bratislave. Fakulta hospodárskej informatiky | |